000 00445nam a2200157Ia 4500
008 231217s9999 xx 000 0 und d
020 _a81-7224-040-6
041 _aEnglish
082 _a001.6424C MUL;5
100 _aMullish, Henry. Cooper, Herbert L.
245 4 _aThe spirit of C : an introduction to modern programming
260 _c1996
_bJaico,
_aBombay
300 _axiv, 527+Aii-11
650 _aspirit,C,programming
942 _cAA
999 _c185103
_d185103